Prachin aru madhyajugor Asom (Minor4)/ (Record no. 12085)

MARC details
000 -LEADER
fixed length control field 00539nam a22001937a 4500
005 - DATE AND TIME OF LATEST TRANSACTION
control field 20250228072018.0
008 - FIXED-LENGTH DATA ELEMENTS--GENERAL INFORMATION
fixed length control field 250228b |||||||| |||| 00| 0 eng d
020 ## - INTERNATIONAL STANDARD BOOK NUMBER
International Standard Book Number 9789358493122
040 ## - CATALOGING SOURCE
Original cataloging agency IN-DiNC
Transcribing agency IN-DiNC
041 ## - LANGUAGE CODE
Language code of sung or spoken text Assamese
082 ## - DEWEY DECIMAL CLASSIFICATION NUMBER
Classification number 954.162
Item number HUS
100 ## - MAIN ENTRY--PERSONAL NAME
Personal name Hussain, Tachadduk Amanul
Relator term Author
245 ## - TITLE STATEMENT
Title Prachin aru madhyajugor Asom (Minor4)/
Statement of responsibility, etc. by Tachadduk Amanul Hussain
250 ## - EDITION STATEMENT
Edition statement 1st ed.
260 ## - PUBLICATION, DISTRIBUTION, ETC.
Place of publication, distribution, etc. Dibrugarh:
Name of publisher, distributor, etc. Banalata,
Date of publication, distribution, etc. 2025.
300 ## - PHYSICAL DESCRIPTION
Extent 333p.
650 ## - SUBJECT ADDED ENTRY--TOPICAL TERM
Topical term or geographic name entry element Early and medieval Assam
942 ## - ADDED ENTRY ELEMENTS (KOHA)
Source of classification or shelving scheme Dewey Decimal Classification
Koha item type Books
Holdings
Withdrawn status Lost status Source of classification or shelving scheme Damaged status Not for loan Collection code Home library Current library Shelving location Date acquired Cost, normal purchase price Total Checkouts Full call number Barcode Date last seen Date last checked out Copy number Price effective from Koha item type Date due
    Dewey Decimal Classification     History Central Library, Naharkatiya College Central Library, Naharkatiya College General Stacks 28/02/2025 250.00 11 954.162 HUS 30480 30/04/2026 16/03/2026 1 28/02/2025 Books  
    Dewey Decimal Classification     History Central Library, Naharkatiya College Central Library, Naharkatiya College General Stacks 28/02/2025 250.00 11 954.162 HUS 30481 05/05/2026 05/05/2026 2 28/02/2025 Books 22/05/2026
    Dewey Decimal Classification     History Central Library, Naharkatiya College Central Library, Naharkatiya College General Stacks 28/02/2025 250.00 5 954.162 HUS 30482 05/05/2026 17/03/2026 3 28/02/2025 Books  

Naharkatiya College © 2020. All rights reserved.

Powered By